| 000 | 00802nas a2200289 4500 | ||
|---|---|---|---|
| 001 | BR2012001745 | ||
| 003 | BR-BrBNA | ||
| 005 | 20231205120307.0 | ||
| 007 | ta | ||
| 008 | 230509b bl.|||p| |||| 00| 00por d | ||
| 040 |
_aBR-BrBNA _bpor _cBiblioteca Nacional de Agricultura |
||
| 041 | _a(Pt) | ||
| 072 | _aL70; L74 | ||
| 100 | 1 | _aRousselot, J.F. | |
| 100 | 1 | _aHervé, D, | |
| 100 | 1 | _aPrugnard, S. | |
| 245 | 1 | _aCardiopatia assimétrica e trombose em uma gata | |
| 650 | _aGATO | ||
| 650 | _aFÊMEA | ||
| 650 | _aCARDIOPATIA | ||
| 650 | _aCORAÇÃO | ||
| 650 | _aVEIA | ||
| 650 | _aDISTÚRBIO ANIMAL | ||
| 773 | 0 |
_tA Hora Veterinária (Brazil) _xISSN 0101-9163 _g(Mar-Apr 2007), v. 26(156) p. 19-21 _wBR2012001745 |
|
| 909 |
_a202311 _bLúcia _c55 _dLúcia Elande |
||
| 942 |
_2AGRIS _n0 _cANA |
||
| 999 |
_c217790 _d217790 |
||